| 000 | 00404cam a2200157ua 4500 | ||
|---|---|---|---|
| 041 |
_aeng _h |
||
| 082 |
_a535.84 _bAND/IN |
||
| 100 | _aAndrews, David L . | ||
| 245 |
_aIntroduction to laser spectroscopy / _cDavid L Andrews. _hTextual Documents |
||
| 260 |
_aNew Delhi : _bSpringer , _c2005. |
||
| 300 | _a ; . | ||
| 504 | _a | ||
| 700 | 1 | _aDemidov, Andrey A . | |
| 942 | _cBK | ||
| 999 |
_c13481 _d13481 |
||